000 00481nam a2200181Ia 4500
005 20250326123941.0
008 250326s9999 xx 000 0 und d
037 _aTextbook
040 _aFMSL
_beng
_cFMSL
041 _aeng
_2eng
084 _aT(X:9) K1
_qFMSL
100 _aBlack J M
_9736473
245 0 _aDeveloping competent subordinates
_cBlack J M
260 _aNY
_bNY, A M A
_c1961
300 _a128p
942 _cTB
_hT(X:9) K1
999 _c1271618
_d1271618